Zákon o rodine a súvisiace predpisy

Guardado en:
Detalles Bibliográficos
Formato: Libro
Lenguaje:eslovaco
Publicado: Bratislava Obzor 1985
Colección:Zákonníky
Etiquetas: Agregar Etiqueta
Sin Etiquetas, Sea el primero en etiquetar este registro!

MARC

LEADER 00000nam a2200000 4500
001 c107204
005 20041019155139.1
041 0 |a slo 
044 |a SK 
245 1 0 |a Zákon o rodine a súvisiace predpisy 
264 1 |a Bratislava  |b Obzor  |c 1985 
300 |a 388 s. 
490 1 |a Zákonníky 
830 0 |a Zákonníky